| 000 | 01249cam a22003377a 4500 | ||
|---|---|---|---|
| 003 | CHAP | ||
| 005 | 20220329140740.0 | ||
| 008 | 971013s1973 r 00010 d | ||
| 010 | _a57011 | ||
| 011 | _a57983 | ||
| 035 | _a62138 | ||
| 040 | _cCHAP | ||
| 082 |
_a338.174334 _bM4 |
||
| 110 |
_aMéxico. Dirección General de Economía Agrícola _976976 |
||
| 245 | 1 | 3 | _aEl mercado del limón en México |
| 260 |
_aMéxico, D.F., _c1973 |
||
| 300 | _a156 p. | ||
| 590 |
_aBATCH-UPD _b10 _c20130110 _lUCH01 _h2122 |
||
| 590 |
_aBATCH-UPD _b10 _c20130410 _lUCH01 _h1431 |
||
| 590 |
_aBATCH-UPD _b10 _c20130914 _lUCH01 _h1725 |
||
| 590 |
_aCONVERSION _b10 _c20130109 _lUCH01 _h1331 |
||
| 650 | 1 | 4 |
_aLimón _xMercadeo _zMéxico. _966839 |
| 901 | _aBK | ||
| 942 | _cLIBRO | ||
| 949 |
_a338.174334 M4 _bBC _cLIBRO _d-150432 _eLIBRO _h28910 _i62138 _si |
||
| 949 |
_a338.174334 M4 _bBC _cLIBRO _d-150434 _eLIBRO _fc.4 _h46354 _i62138 _si |
||
| 949 |
_a338.174334 M4 _bBC _cLIBRO _d-150435 _eLIBRO _fc.5 _h46355 _i62138 _si |
||
| 949 |
_a338.174334 M4 _bBC _cLIBRO _d33724000154290 _eLIBRO _fc.2 _h28911 _i62138 _si |
||
| 949 |
_a338.174334 M4 _bBC _cLIBRO _d33724000155040 _eLIBRO _fc.6 _h46520 _i62138 _si |
||
| 949 |
_a338.174334 M4 _bBC _cLIBRO _d33724000155131 _eLIBRO _fc.3 _h43781 _i62138 _si |
||
| 999 |
_c57011 _d57011 |
||